000 00876nam0a2200253 4500
001 RU\NLR\BIBL_A\012796199
005 20260406113115.0
035 _a(NLR Aleph) 012796199
090 _a13309351
_c13309351
100 _a20220523d1966 |||y0rusy50 ca
101 0 _arus
102 _aAZ
105 _aa z 000 y
200 1 _aМуму
_eдля старшего школьного возраста
_fИ. С. Тургенев
210 _aБакы
_cМаариф
_d1966
215 _a50, [1] c.
_cил.
_d20
225 1 _aВ помощ изучающим русский язык
686 1 _aШ9(2)673= Аз-(2Р)
700 1 _4070
_7ca
_8rus
_aТургенев
_bИ. С.
_f1818-1883
_gИван Сергеевич
_9110198
_3RU\NLR\AUTH\77102
852 _aNLR
_bОНЛ
_jАзерб./2-13838
852 _aNLR
_bОНЛ
_jАзерб./2-13838
942 _cBOOK
980 _aNB